Štruktúra a reaktivita organických zlúčenín

Bibliographic Details
Main Authors: Putala, Martin, 1965- (Author), Toma, Štefan, 1937- (Author)
Format: Book
Language:Slovak
PhysicalDescription:270 strán grafy, ilustrácie, schémy, tabuľky 24 cm
Published: Bratislava Univerzita Komenského v Bratislave 2018
ISBN:9788022345576
Edition:Druhé vydanie
Subjects:

MARC

LEADER 00000cam a2200000 4500
001 vtls011972056
003 SK-MaSNL
005 20260301103005.0
008 210701s2018 xo kda f np 001 0 slo
015 |a SNBA2020/08 
020 |a 9788022345576  |q (brožované) 
035 |a urn:nbn:sk:snk-am00fgl6 
035 |a urn:nbn:sk:snk-am3iswu 
035 |a 5A0B1E49-C920-4693-A051-82B5EFF18519 
040 |a SNK  |b slo  |c SNK  |e rda 
041 0 |a slo 
044 |a xo  |c SK 
072 7 |a 547  |x Organická chémia  |2 konspekt 
080 |a 547  |2 2011 
080 |a 547:544.4  |2 2011 
080 |a 547.1-3  |2 2011 
080 |a (075.8)  |2 2011 
100 1 |a Putala, Martin,  |d 1965-  |4 aut  |9 200423 
245 1 0 |a Štruktúra a reaktivita organických zlúčenín  |c Martin Putala a Štefan Toma 
250 |a Druhé vydanie 
264 1 |a Bratislava  |b Univerzita Komenského v Bratislave  |c 2018 
300 |a 270 strán  |b grafy, ilustrácie, schémy, tabuľky  |c 24 cm 
336 |a text  |b txt  |2 rdacontent 
337 |a bez média  |b n  |2 rdamedia 
338 |a zväzok  |b nc  |2 rdacarrier 
366 |e 100 kusov 
500 |a Vydala Univerzita Komenského v Bratislave vo Vydavateľstve UK 
504 |a Bibliografia na strane 265-266 ; register 
650 0 7 |a organická chémia  |2 SNKPH  |9 851 
650 0 7 |a Organic chemistry  |2 SNKPHeng  |9 265251 
650 0 7 |a organické reakcie  |2 SNKPH  |9 73848 
650 0 7 |a organic reactions  |2 SNKPHeng  |9 439571 
650 0 7 |a organické zlúčeniny  |2 SNKPH  |9 4318 
650 0 7 |a Organic compounds  |2 SNKPHeng  |9 306924 
655 7 |a učebnice vysokých škôl  |2 SNKPH  |9 70191 
655 7 |a Textbooks (higher)  |2 SNKPHeng  |9 276436 
700 1 |a Toma, Štefan,  |d 1937-  |4 aut  |9 200424 
919 |a 978-80-223-4557-6 
958 |a OND 
958 |a NB 
999 |c 693813  |d 695743 
952 |a SNK  |b SNK  |y PREZ  |7 0  |p 17A1429450  |o snkSC 189606  |i snk2020/13781  |8 0  |0 0  |1 0  |4 0  |d 2020-08-04  |f 1  |l 0  |r 2025-10-07 00:00:00  |w 2026-02-23 
952 |a SNK  |b SNK  |y VYP  |7 0  |p 17A1429451  |o snkSC 189606 D1  |i snk2020/13782  |8 0  |0 0  |1 0  |4 0  |d 2020-08-04  |l 0  |r 2026-02-23 20:34:49  |w 2026-02-23